[Event "Helsingor Xtracon op"]
[Site "Helsingor"]
[Date "2018.07.23"]
[Round "4"]
[White "Jensen, Tobias Ilsoe"]
[Black "Rydstrom, Tom"]
[Result "0-1"]
[WhiteElo "2102"]
[BlackElo "2307"]
[PlyCount "48"]
[EventDate "2018.07.21"]
[EventType "swiss"]
[EventRounds "10"]
[EventCountry "DEN"]
[SourceTitle "CBM 185 Extra"]
[Source "ChessBase"]
[SourceDate "2018.07.29"]
[SourceVersion "1"]
[SourceVersionDate "2018.07.29"]
[SourceQuality "1"]

1. d4 g6 2. c4 Bg7 3. Nc3 c5 4. d5 Bxc3+ 5. bxc3 Qa5 6. Qc2 f5 7. Bg5 Nf6 8. Bxf6 exf6 9. f4 d6 10. e3 Nd7 11. Nf3 Nb6 12. Bd3 Bd7 13. Kf2 0-0-0 14. a4 Rhe8 15. Nd2 Re7 16. Rhb1 Rde8 17. Rb5 Bxb5 18. cxb5 Nxd5 19. Nc4 Nxe3 20. Nxd6+ Kd7 21. Qd2 Kxd6 22. Be4+ Kc7 23. Qxe3 Rxe4 24. Qxc5+ Kb8 0-1

[Event "Politiken Cup 37th"]
[Site "Helsingor"]
[Date "2015.07.29"]
[Round "6"]
[White "Jensen, Tobias Ilsoe"]
[Black "Stojanovski, Sandi"]
[Result "0-1"]
[WhiteElo "2014"]
[BlackElo "2192"]
[PlyCount "60"]
[EventDate "2015.07.25"]
[EventType "swiss"]
[EventRounds "10"]
[EventCountry "DEN"]
[SourceTitle "CBM 167 Extra"]
[Source "ChessBase"]
[SourceDate "2015.09.14"]
[SourceVersion "1"]
[SourceVersionDate "2015.09.14"]
[SourceQuality "1"]

1. d4 Nf6 2. c4 e6 3. Nf3 d5 4. Nc3 Bb4 5. cxd5 exd5 6. Bg5 c6 7. Qc2 h6 8. Bh4 g5 9. Bg3 Ne4 10. Nd2 Nxg3 11. hxg3 Be6 12. e3 Nd7 13. Bd3 Qe7 14. a3 Ba5 15. b4 Bc7 16. Nb3 a5 17. b5 a4 18. bxc6 bxc6 19. Nd2 Nb6 20. Ne2 Bd7 21. e4 Kf8 22. exd5 Nxd5 23. Be4 Ba5 24. Rd1 Re8 25. 0-0 Kg7 26. Bd3 h5 27. Ne4 h4 28. Qc1 hxg3 29. Nxg5 Rh5 30. Ne4 Rh1+ 0-1

[Event "Politiken Cup 37th"]
[Site "Helsingor"]
[Date "2015.07.25"]
[Round "1"]
[White "Tryggestad, Linnea Garberg"]
[Black "Jensen, Tobias Ilsoe"]
[Result "0-1"]
[WhiteElo "1422"]
[BlackElo "2014"]
[PlyCount "86"]
[EventDate "2015.07.25"]
[EventType "swiss"]
[EventRounds "10"]
[EventCountry "DEN"]
[SourceTitle "CBM 167 Extra"]
[Source "ChessBase"]
[SourceDate "2015.09.14"]
[SourceVersion "1"]
[SourceVersionDate "2015.09.14"]
[SourceQuality "1"]

1. d4 c5 2. d5 e5 3. e4 d6 4. Ne2 g6 5. c4 Bg7 6. Nbc3 f5 7. f3 Nf6 8. Bg5 0-0 9. g3 Nbd7 10. Bg2 h6 11. Bxf6 Nxf6 12. 0-0 a6 13. a4 Bd7 14. Rb1 Qc7 15. Qd2 Kh7 16. Kh1 Rae8 17. b4 fxe4 18. fxe4 cxb4 19. Rxb4 Ng4 20. Rxf8 Rxf8 21. Nd1 a5 22. Rb1 Bxa4 23. h3 Nf2+ 24. Nxf2 Rxf2 25. Qe1 Rf7 26. Qc3 Be8 27. Bf3 h5 28. g4 hxg4 29. Bxg4 Bh6 30. Be6 Rf2 31. Qe1 Rf6 32. Rb2 b6 33. Rc2 Bd7 34. Bxd7 Qxd7 35. Rc3 Qf7 36. Ng3 Rf3 37. Rxf3 Qxf3+ 38. Kh2 Bf4 39. Qg1 a4 40. h4 Qxg3+ 41. Qxg3 Bxg3+ 42. Kxg3 a3 43. Kf3 a2 0-1

[Event "Politiken Cup 35th"]
[Site "Helsingor"]
[Date "2013.08.01"]
[Round "7"]
[White "Kistrup, Nicolai"]
[Black "Jensen, Tobias Ilsoe"]
[Result "0-1"]
[WhiteElo "1623"]
[BlackElo "1954"]
[PlyCount "62"]
[EventDate "2013.07.27"]
[EventType "swiss"]
[EventRounds "10"]
[EventCountry "DEN"]
[SourceTitle "CBM 155 Extra"]
[Source "ChessBase"]
[SourceDate "2013.08.26"]
[SourceVersion "1"]
[SourceVersionDate "2013.08.26"]
[SourceQuality "1"]

1. d4 c5 2. d5 f5 3. Bg5 Qb6 4. Qc1 h6 5. Bf4 Nf6 6. c4 g5 7. Bd2 e5 8. dxe6 dxe6 9. Bc3 Bg7 10. Nf3 Nc6 11. Ne5 Ne4 12. Nxc6 Nxc3 13. Nxc3 Qxc6 14. Qc2 b6 15. Rd1 Bb7 16. Nb5 Be5 17. h4 g4 18. e3 a6 19. Nc3 Rd8 20. Rxd8+ Kxd8 21. Kd1 Kc8 22. Kc1 Rd8 23. Rg1 Bh2 24. Rh1 Qd6 25. Na4 Be5 26. Rg1 Be4 27. Qe2 f4 28. Qe1 fxe3 29. fxe3 Bg3 30. Qe2 Bf2 31. Rh1 Bxe3+ 0-1

[Event "Politiken Cup 35th"]
[Site "Helsingor"]
[Date "2013.07.29"]
[Round "4"]
[White "Jensen, Tobias Ilsoe"]
[Black "Riis, Jens"]
[Result "0-1"]
[WhiteElo "1954"]
[BlackElo "2174"]
[PlyCount "46"]
[EventDate "2013.07.27"]
[EventType "swiss"]
[EventRounds "10"]
[EventCountry "DEN"]
[SourceTitle "CBM 155 Extra"]
[Source "ChessBase"]
[SourceDate "2013.08.26"]
[SourceVersion "1"]
[SourceVersionDate "2013.08.26"]
[SourceQuality "1"]

1. d4 Nf6 2. c4 a6 3. Nc3 c5 4. d5 b5 5. cxb5 axb5 6. Nxb5 e6 7. dxe6 fxe6 8. Nd6+ Bxd6 9. Qxd6 Ne4 10. Qd1 0-0 11. Nf3 Ba6 12. g3 Nc6 13. Be3 d5 14. Bg2 Rb8 15. Qc1 Qa5+ 16. Nd2 Nd4 17. Bxd4 cxd4 18. Bxe4 dxe4 19. 0-0 Bxe2 20. Re1 Rbc8 21. Nb3 Qh5 22. Qd2 Rxf2 23. h4 Qf3 0-1

[Event "Odense Andersen op"]
[Site "Odense"]
[Date "2013.05.10"]
[Round "4"]
[White "Jensen, Tobias Ilsoe"]
[Black "Pedersen, Steffen"]
[Result "1-0"]
[WhiteElo "1905"]
[BlackElo "2425"]
[PlyCount "51"]
[EventDate "2013.05.08"]
[EventType "swiss"]
[EventRounds "9"]
[EventCountry "DEN"]
[SourceTitle "CBM 154 Extra"]
[Source "ChessBase"]
[SourceDate "2013.06.25"]
[SourceVersion "2"]
[SourceVersionDate "2013.06.25"]
[SourceQuality "1"]

1. g4 d5 2. Bg2 Bxg4 3. c4 e6 4. Qb3 Qc8 5. cxd5 c6 6. dxc6 Nxc6 7. Nc3 Nf6 8. Nf3 Bc5 9. d3 0-0 10. Bg5 Nd7 11. Rc1 e5 12. Nd2 Be6 13. Bd5 Na5 14. Qb5 Bxd5 15. Nxd5 Qc6 16. Ne7+ Bxe7 17. Rxc6 bxc6 18. Qxa5 Bxg5 19. Ne4 Bd8 20. Qd2 Bb6 21. Rg1 Kh8 22. Qg5 Rg8 23. Nd6 Raf8 24. Qe7 Nf6 25. Nxf7+ Rxf7 26. Qxf7 1-0

[Event "Politiken Cup 34th"]
[Site "Helsingor"]
[Date "2012.08.04"]
[Round "9"]
[White "Jensen, Tobias Ilsoe"]
[Black "Hyldkrog, Lars"]
[Result "1/2-1/2"]
[WhiteElo "1812"]
[BlackElo "2041"]
[PlyCount "190"]
[EventDate "2012.07.28"]
[EventType "swiss"]
[EventRounds "10"]
[EventCountry "DEN"]
[SourceTitle "CBM 149 Extra"]
[Source "ChessBase"]
[SourceDate "2012.08.24"]
[SourceVersion "1"]
[SourceVersionDate "2012.08.24"]
[SourceQuality "1"]

1. d4 Nf6 2. c4 e6 3. Nc3 Bb4 4. Qc2 0-0 5. a3 Bxc3+ 6. Qxc3 d6 7. Bg5 Nbd7 8. e3 b6 9. Bd3 h6 10. Bh4 Ba6 11. Ne2 Rc8 12. Qc2 c5 13. Qa4 Bb7 14. 0-0 Qc7 15. f3 cxd4 16. exd4 Bc6 17. Qc2 d5 18. Bg3 Qb7 19. c5 bxc5 20. dxc5 a5 21. b4 axb4 22. axb4 Bb5 23. Bxb5 Qxb5 24. Bd6 Rfe8 25. Rfb1 e5 26. Ra5 Qb7 27. b5 Re6 28. Ra6 Nxc5 29. Bxc5 Nd7 30. Qa2 Nxc5 31. Ra3 Qb6 32. Kh1 d4 33. Rc1 Qxb5 34. Ra5 Qb6 35. Ng3 Rec6 36. Ra7 Nb3 37. Rxc6 Rxc6 38. h3 Rc1+ 39. Kh2 Ra1 40. Ra8+ Kh7 41. Qc2+ g6 42. Rxa1 Nxa1 43. Qc4 Qb3 44. Qc7 Qe6 45. Ne4 Nb3 46. h4 Kg7 47. h5 gxh5 48. f4 d3 49. Qc3 Qd5 50. fxe5 Qxe4 51. e6+ Kg6 52. e7 d2 53. Qxb3 Qe5+ 54. Qg3+ Qxg3+ 55. Kxg3 d1Q 56. e8Q Qd6+ 57. Kf2 Qf6+ 58. Kg1 h4 59. Qe4+ Qf5 60. Qxh4 Qc5+ 61. Kf1 Qc1+ 62. Kf2 Qd2+ 63. Kf1 Qd3+ 64. Kg1 Qe3+ 65. Kf1 f5 66. Qc4 Kg5 67. Qg8+ Kh4 68. Qd8+ Kg3 69. Qg8+ Kh2 70. Qf8 Qg1+ 71. Ke2 Qxg2+ 72. Ke1 Qg5 73. Qd6+ Kg2 74. Qd5+ Kg3 75. Qd3+ Kh4 76. Ke2 f4 77. Qe4 Qg4+ 78. Kf2 Qg3+ 79. Kf1 h5 80. Qe7+ Kh3 81. Qe6+ Qg4 82. Qb3+ f3 83. Kf2 Qg2+ 84. Ke3 f2 85. Ke2+ Qg3 86. Qf7 h4 87. Qxf2 Qg2 88. Ke1 Qg3 89. Kf1 Qd3+ 90. Kg1 Qd1+ 91. Qf1+ Qxf1+ 92. Kxf1 Kh2 93. Kf2 h3 94. Kf1 Kh1 95. Kf2 h2 1/2-1/2

[Event "Politiken Cup 34th"]
[Site "Helsingor"]
[Date "2012.07.31"]
[Round "5"]
[White "Jensen, Tobias Ilsoe"]
[Black "Hinrichs, Jan"]
[Result "0-1"]
[WhiteElo "1812"]
[BlackElo "2008"]
[PlyCount "138"]
[EventDate "2012.07.28"]
[EventType "swiss"]
[EventRounds "10"]
[EventCountry "DEN"]
[SourceTitle "CBM 149 Extra"]
[Source "ChessBase"]
[SourceDate "2012.08.24"]
[SourceVersion "1"]
[SourceVersionDate "2012.08.24"]
[SourceQuality "1"]

1. d4 Nf6 2. c4 c5 3. d5 e6 4. Nc3 exd5 5. cxd5 d6 6. e4 g6 7. Nge2 Bg7 8. Ng3 0-0 9. Be2 b6 10. 0-0 Ba6 11. Bf4 Bxe2 12. Qxe2 Re8 13. Qd2 Ng4 14. Rae1 a6 15. a4 Ra7 16. b3 Nxh2 17. Kxh2 Bxc3 18. Qxc3 Qh4+ 19. Kg1 Qxf4 20. Re3 Nd7 21. Ne2 Qf6 22. f4 Qxc3 23. Nxc3 Nf6 24. Rfe1 Ng4 25. R3e2 f6 26. g3 Rae7 27. Kg2 Kf7 28. Kf3 f5 29. Rh1 h5 30. Rhe1 Kf6 31. Kg2 Kf7 32. Kf3 g5 33. exf5 Rxe2 34. Rxe2 Rxe2 35. Kxe2 gxf4 36. gxf4 Nh6 37. f6 Kxf6 38. Ne4+ Ke7 39. Ng3 h4 40. Ne4 Nf5 41. Kf3 h3 42. Kf2 Nd4 43. Kg3 Ne2+ 44. Kf3 h2 45. Nf2 Nc3 46. Kg2 Nxd5 47. Nd3 Kf6 48. Kxh2 Kf5 49. Kg3 Ke4 50. Nf2+ Kd4 51. f5 Ke5 52. Kf3 Kxf5 53. Ke2 Ke5 54. Kd3 Nf6 55. b4 cxb4 56. Kc4 d5+ 57. Kxb4 Kd4 58. Nd1 Ne4 59. Nb2 Ke3 60. Kb3 Kd2 61. Ka2 Kc2 62. Ka3 Nd2 63. a5 b5 64. Kb4 Ne4 65. Ka3 d4 66. Ka2 d3 67. Nxd3 Kxd3 68. Kb3 Nf6 69. Kb4 Kd4 0-1